The caliphate of Yazīd b. Muʻāwiyah /

محفوظ في:

المؤلف الرئيسي: Ṭabarī, 838?-923. (مؤلف)

مؤلفون آخرون: Howard, I. K. A.

التنسيق: كتاب

اللغة: English
Arabic

منشور في: Albany : State University of New York Press, c1990.

سلاسل: Ṭabarī, 838?-923. Tārīkh al-rusul wa-al-mulūk. 19.
The history of al-Ṭabarī = Taʼrīkh al-rusul wa'l-mulūk ; 19.

الموضوعات:

الوسوم: إضافة وسم

لا توجد وسوم, كن أول من يضع وسما على هذه التسجيلة!

رقم الطلب: DS38.2.T313 v.19

LEADER 01463namaa2200373 4500
001 20661
003 OSt
005 20260105105553.0
008 130303s1999 nyu b 001 0 eng d
010 |a 88039753 
020 |a 0791400417 
040 |c ARCE Library 
041 1 |a eng  |h ara 
043 |a aw-----  |a ff-----  |a e-sp--- 
050 4 |a DS38.2.T313 v.19 
100 0 |6 880-01  |a Ṭabarī,  |d 838?-923.  |e author 
240 1 0 |a Tārīkh al-rusul wa-al-mulūk.  |k Selections.  |l English 
245 1 4 |a The caliphate of Yazīd b. Muʻāwiyah /  |c Tabari ; translated and annotated by I. K. A. Howard. 
264 1 |a Albany :  |b State University of New York Press,  |c c1990. 
300 |a xvi, 248 pages ;  |c 24 cm. 
490 1 |a The history of al-Ṭabarī =  |a Taʼrīkh al-rusul wa'l mulūk ;   |v 19. 
490 0 |a SUNY series in Near Eastern studies. 
490 0 |a Bibliotheca Persica. 
500 |a Translation of a section of: Tārīkh al-rusul wa-al-mulūk. 
504 |a Includes bibliographical references (pages [229]-231) and index. 
600 0 0 |a Yazīd  |b I,  |c Caliph,  |d approximately 642-683 
651 0 |a Islamic Empire  |x History  |y 661-750. 
700 1 |a Howard, I. K. A. 
800 0 |a Ṭabarī,  |d 838?-923.  |t Tārīkh al-rusul wa-al-mulūk.  |l English ;   |v 19. 
830 4 |a The history of al-Ṭabarī = Taʼrīkh al-rusul wa'l-mulūk ;   |v 19. 
880 0 |6 100-01/(3/r  |a طبري،‪‪‪‪‪  |d 838?-923. 
901 |a reviewed 
942 |c BK  |2 lcc 
999 |c 17122  |d 17122